The castle in the attic / (Record no. 110949)
[ view plain ]
| 000 -LEADER | |
|---|---|
| fixed length control field | 00709nam a2200193 a 4500 |
| 001 - CONTROL NUMBER | |
| control field | 4074 |
| 005 - DATE AND TIME OF LATEST TRANSACTION | |
| control field | 20140414131906.0 |
| 008 - FIXED-LENGTH DATA ELEMENTS--GENERAL INFORMATION | |
| fixed length control field | 081222s19uu xx 00 eng d |
| 020 ## - INTERNATIONAL STANDARD BOOK NUMBER | |
| International Standard Book Number | 0-440-40941-1 |
| 050 ## - LIBRARY OF CONGRESS CALL NUMBER | |
| Classification number | FIC |
| Item number | W73 1994 |
| 100 ## - MAIN ENTRY--PERSONAL NAME | |
| Personal name | Winthrop, Elizabeth. |
| 245 ## - TITLE STATEMENT | |
| Title | The castle in the attic / |
| Statement of responsibility, etc | Elizabeth Winthrop ; frontispiece and chapter title decorations by Trina Schart Hyman. |
| 260 ## - PUBLICATION, DISTRIBUTION, ETC. (IMPRINT) | |
| Place of publication, distribution, etc | New York : |
| Name of publisher, distributor, etc | Scholastic, |
| Date of publication, distribution, etc | 1994. |
| 300 ## - PHYSICAL DESCRIPTION | |
| Extent | 179 p. : ill. ; 22 cm. |
| 520 ## - SUMMARY, ETC. | |
| Summary, etc | A gift of a toy castle, complete with silver knight, introduces William to an adventure involving magic and a personal quest. |
| 650 ## - SUBJECT ADDED ENTRY--TOPICAL TERM | |
| Topical term or geographic name as entry element | Castles |
| General subdivision | Fiction. |
| 700 ## - ADDED ENTRY--PERSONAL NAME | |
| Personal name | Hyman, Trina Schart, ill. |
| Withdrawn status | Lost status | Damaged status | Use restrictions | Home library | Current library | Shelving location | Date acquired | Source of acquisition | Cost, normal purchase price | Total Checkouts | Full call number | Barcode | Date last seen | Price effective from | Koha item type |
|---|---|---|---|---|---|---|---|---|---|---|---|---|---|---|---|
| Munich Library | Munich Library | Fiction Section | 12/22/2008 | 245.00 | FIC W73 1994 | M1486 | 04/14/2014 | 04/14/2014 | Books |